000 00744nam a2200265 a 4500
003 AR-BaBNM
005 20251128204838.0
008 082120s2002 ||||||||||||||000 | spa||
020 _a950-614-363-3
040 _cAR-BaBNM
100 1 _aBusaniche, José Luis
245 0 0 _aRosas visto por sus contemporáneos
260 _aBuenos Aires
_bHyspamérica
_c1985
300 _a219 p.
490 0 _aBiblioteca argentina de historia y política
_vv. 9
500 _aCronología, 1835-1852: p. 202-213
500 _aNotas: p. 214-219
650 4 _aHISTORIA ARGENTINA
650 4 _aPERIODO INDEPENDIENTE
650 4 _aROSAS Y SU TIEMPO
650 4 _aPOLITICA
800 1 _aCostantini, Pablo
_edirector
942 _cBK
998 _cEnrique
999 _c9020
_d9020